On This Day: November 12th Quiz Stats

 Plays Quiz Updated Nov 12, 2017

Score 0/7 Timer 03:00
0 Plays Today
Question Answer Wrong Answers
In response to the hostage situation in Tehran, US President Jimmy Carter orders a halt to all ______ imports into the United States from Iran.
1979
Petroleum
91.1%
Agricultural
3.8%
Automobile
1.7%
Lead
1.2%
This French sculptor and illustrator, known for his work, ‘The Thinker’, is born.
1840
Auguste Rodin
87.8%
Constantin Brâncuși
1.8%
Edgar Degas
6.8%
Alberto Giacometti
3.5%
Captain Robert Scott and his crew are discovered to have perished during their expedition to ____.
1912
the South Pole
84.9%
El Dorado
2%
Lake Ninococha
0.7%
Mount Everest
11.9%
This man is expelled from the Soviet Communist Party, leaving Joseph Stalin in undisputed control of the Soviet Union.
1927
Leon Trotsky
84.3%
Alexander Kerensky
2.6%
Mikhail Tukhachevsky
3%
Leo Tolstoy
9.1%
In Tokyo, the International Military Tribunal for the Far East sentences seven Japanese military and government officials, including this general, to death for their roles in World War II.
1948
Hideki Tojo
73.3%
Kuniaki Koiso
3.1%
Kanji Ishiwara
17.6%
Nobusuke Kishi
4.4%
This man publishes a formal proposal for the World Wide Web.
1990
Tim Berners-Lee
69.4%
Robert Cailliau
7.7%
Vint Cerf
4.5%
Robert E. Kahn
15.9%
A team of rock climbers led by Warren Harding completes the first ascent of The Nose on El Capitan in this national park.
1958
Yosemite
62.8%
Yellowstone
20.3%
Grand Canyon
8.8%
Zion
6.2%

You're not logged in!

Compare scores with friends on all Sporcle quizzes.
OR
Log In

Show Comments

Extras

Top Quizzes Today


Score Distribution

Your Account Isn't Verified!

In order to create a playlist on Sporcle, you need to verify the email address you used during registration. Go to your Sporcle Settings to finish the process.

Report this User

Report this user for behavior that violates our Community Guidelines.

Details: